Statistics for Brand Logos That Start With F

Click here to take the quiz!

General Stats

  • This quiz has been taken 5,208 times
  • The average score is 9 of 11

Answer Stats

Answer% Correct
Facebook
100%
Ford
100%
FedEx
99%
Firefox
99%
Fanta
98%
Ferrari
95%
Fila
87%
Fiat
75%
Fruit of the Loom
72%
Firestone
56%
Fuji
22%

Score Distribution

Percentile by Number Answered

Percent of People with Each Score

Your Score History

You have not taken this quiz